000 00863nam a2200217Ii 4500
003 JO-AjNU
008 230605s9999||||xx |||||||||||||| ||und||
017 _a1994/9716
020 _a977-10-0721-1
040 _aJO-AjNU
_bara
_erda
_cJO-AjNU
041 _aara
050 1 4 _aPJ616.M83 1994
100 3 _aنايل احمد، محمد,
_eauthor
_918354
245 0 0 _aالبلاغة بين عهدين في ظلال الذوق الأزلي وتحت سلطان العلم النظري
264 3 1 _aالقاهرة: دار الفكر العربي، 1994
300 _a296ص
336 _atext
_btxt
_2rdacontent
337 _aunmediated
_bn
_2rdamedia
338 _avolume
_bnc
_2rdacarrier
650 4 _aالبلاغة العربية-تاريخ-البلاغة بين عهدين في ظلال الذوق الأزلي وتحت سلطان العلم النظري
_918355
999 _aA5854
_c9422
_d9422